000 01868cam a22001818i 4500
999 _c37485
_d37485
020 _a9780367225285
041 _aEnglish.
082 0 0 _a297.095
_bROU-
245 0 0 _aRoutledge handbook on Islam in Asia /
_cedited by Chiara Formichi.
260 _aNew York :
_bRoutledge,
_c2022.
300 _axvii, 369p.
504 _aIncludes bibliographical references and index.
520 _a"The Routledge Handbook of Islam in Asia offers both new and established scholarship on Muslim societies and religious practices across Asia, from a variety of interdisciplinary angles, with chapters covering South, Central, East and Southeast Asia, as well as Africa-Asia connections. Presenting work grounded in archival, literary, and ethnographic inquiry, contributors to this handbook lend their expertise to paint a picture of Islam as deeply connected to and influenced by Asia, often by-passing or reversing relationships of power and authority that have placed 'Arab' Islam in a hierarchically superior position vis-à-vis Asia. This handbook is structured in four parts, each representing an emergent area of inquiry: Frames Authority and Authorizing Practices Muslim Spatialities Imaginations of Piety Dislodging ingrained assumptions that Asia is at the periphery of Islam - and that Islam is at the periphery of Asia's cultural matrix - this handbook sets an agenda against the 'centre-periphery' dichotomy, as well as the syncretism paradigm that has dominated conversations on Islam in Asia. It thus demonstrates possibilities for new scholarly approaches to the study of Islam within the 'Asian context'. This ground-breaking handbook is a valuable resource to students and scholars of Asian studies, religious studies, and cultural studies more broadly"--
546 _aEnglish.
650 0 _aIslam
_zAsia.
700 1 _aFormichi, Chiara
_eeditor.
942 _2ddc
_cBK